| 000 | 01434nam a2200325 a 4500 | ||
|---|---|---|---|
| 001 | ebr10651499 | ||
| 003 | CaPaEBR | ||
| 006 | m u | ||
| 007 | cr cn||||||||| | ||
| 008 | 130211s2012 enka sb 000 0 eng d | ||
| 020 | _z9781781904039 | ||
| 020 | _z9781781904046 (e-book) | ||
| 040 |
_aCaPaEBR _cCaPaEBR |
||
| 035 | _a(OCoLC)828743522 | ||
| 050 | 1 | 4 |
_aHF5415.7 _b.S64 2012eb |
| 245 | 0 | 0 |
_aSpecial issue on qualitative research in logistics and supply chain management _h[electronic resource] / _cguest editors, Britta Gammelgaard and Dan Flint. |
| 246 | 3 | _aInternational journal of physical distribution and logistics management | |
| 260 |
_a[Bradford] : _bEmerald, _c[2012] |
||
| 300 |
_ap. [719]-880 : _bill. |
||
| 490 | 0 |
_aInternational journal of physical distribution & logistics management, _x0960-0035 ; _vv. 42, no. 8/9 (2012) |
|
| 504 | _aIncludes bibliographical references. | ||
| 533 |
_aElectronic reproduction. _bPalo Alto, Calif. : _cebrary, _d2013. _nAvailable via World Wide Web. _nAccess may be limited to ebrary affiliated libraries. |
||
| 650 | 0 |
_aPhysical distribution of goods _xManagement. |
|
| 650 | 0 | _aBusiness logistics. | |
| 655 | 7 |
_aElectronic books. _2local |
|
| 700 | 1 | _aGammelgaard, Britta. | |
| 700 | 1 | _aFlint, Dan. | |
| 710 | 2 | _aebrary, Inc. | |
| 856 | 4 | 0 |
_uhttp://site.ebrary.com/lib/rucke/Doc?id=10651499 _zAn electronic book accessible through the World Wide Web; click to view |
| 999 |
_c72977 _d72977 |
||